On a truck alone, to Mc Mahon/ (Record no. 159691)

MARC details
000 -LEADER
fixed length control field 00706nam a22002177a 4500
005 - DATE AND TIME OF LATEST TRANSACTION
control field 20181231125435.0
010 ## - LCCN (DPL NO)
LC control number ENG-124615
020 ## - INTERNATIONAL STANDARD BOOK NUMBER
International Standard Book Number 9780199485246
Terms of availability 395.00
035 ## - SYSTEM CONTROL NUMBER
System control number EN-108147
037 ## - SOURCE OF ACQUISITION
Source of stock number/acquisition DBAD/PUB
082 ## - DEWEY DECIMAL CLASSIFICATION NUMBER
Classification number S
100 ## - MAIN ENTRY--PERSONAL NAME
Personal name Sen, Nabaneeta Dev
245 ## - TITLE STATEMENT
Title On a truck alone, to Mc Mahon/
Statement of responsibility, etc by Nabaneeta Dev Sen; translated by Arunava Sinha; ed.by Mini Krishnan
260 ## - PUBLICATION, DISTRIBUTION, ETC. (IMPRINT)
Place of publication, distribution, etc New Delhi
Name of publisher, distributor, etc Oxford University Press
Date of publication, distribution, etc 2018
270 ## - ADDRESS
City New Delhi
Postal code 110002
Address 2/11 Ground Floor, Ansari Road, Daryaganj,
300 ## - PHYSICAL DESCRIPTION
Extent x,203p.
Dimensions 21cm.(pbk)
500 ## - GENERAL NOTE
General note It includes about the author and the translator
700 ## - ADDED ENTRY--PERSONAL NAME
Personal name Sinha, Arunava
700 ## - ADDED ENTRY--PERSONAL NAME
Personal name Mini Krishnan
942 ## - ADDED ENTRY ELEMENTS (KOHA)
Source of classification or shelving scheme Dewey Decimal Classification
Item type English Books
Classification part S
Call number suffix SEN
Holdings
Withdrawn status Lost status Not for loan Collection code Home library Current library Date acquired Source of acquisition Cost, normal purchase price Full call number Barcode Copy number Cost, replacement price Koha item type
    Not For Loan Fiction D.B.Act.Division Bawana 31/12/2018 DBAD/PUB 395.00 S SEN EN-108147 1 395.00 English Books

© Delhi Public Library
Hit Counter
free hit counter